Matemática moderna : tomo iii. he aqui a euclides /
Guardado en:
| Autor Principal: | |
|---|---|
| Formato: | Libro |
| Publicado: |
Buenos Aires :
Eudeba,
1970
|
| Materias: | |
| Etiquetas: |
Agregar Etiqueta
Sin Etiquetas, Sea el primero en etiquetar este registro!
|
| LEADER | 00915nam a22002175a 4500 | ||
|---|---|---|---|
| 001 | CEM.cems004886 | ||
| 005 | 20060217000000.0 | ||
| 008 | 130507s1970##################000#0#####d | ||
| 003 | CEMS | ||
| 082 | 0 | 4 | |a 510 |
| 100 | 1 | |a Papy | |
| 245 | 1 | 0 | |a Matemática moderna : |b tomo iii. he aqui a euclides / |
| 260 | |a Buenos Aires : |b Eudeba, |c 1970 | ||
| 300 | |a 451 p. | ||
| 505 | 0 | |a Desayuno y rompecabezas; Las matemáticas en los juegos; Once rompecabezas mas; Sabe usted contar? ; Rompecabezas numericos; Relatos sobre numeros gigantes; Médici,ónes sin el empleo de instrumentos; Rompecabezas de geometria; La geometria de la lluvia y de la nieve; Las matemáticas y la leyenda sobre el diluvio; Treinta problemas diferentes | |
| 653 | |a Angulos | ||
| 653 | |a Circunferencia | ||
| 653 | |a Isometria | ||
| 653 | |a Producto escalar | ||
| 653 | |a Raiz cuadrada | ||
| 859 | |a CEMS |b BIB. CEMS - 11 de abril |h 510 |i P197/III |p 1623.74 |t Ej.1 | ||
